[Event "Petroupoli ASOP Dias Seniors op"]
[Site "Petroupoli"]
[Date "2014.04.26"]
[Round "6.20"]
[White "Vesdekis, Konstantinos"]
[Black "Kosmadakis, Georgios"]
[Result "1-0"]
[WhiteElo "1005"]
[BlackElo "1000"]
[PlyCount "70"]
[EventDate "2014.03.22"]
[EventType "swiss"]
[EventRounds "7"]
[EventCountry "GRE"]
[SourceTitle "EXT 2024"]
[Source "ChessBase"]
[SourceDate "2023.10.10"]
[SourceVersion "1"]
[SourceVersionDate "2023.10.10"]
[SourceQuality "1"]

1. d4 d5 2. c4 e6 3. Nc3 Bb4 4. Bd2 Bxc3 5. Bxc3 Nf6 6. Nf3 c6 7. e3 b5 8. cxb5 cxb5 9. Bxb5+ Bd7 10. Bxd7+ Kxd7 11. Ne5+ Ke8 12. Bb4 Nfd7 13. Qa4 f6 14. Nc6 Nxc6 15. Qxc6 Kf7 16. 0-0 Rc8 17. Qd6 f5 18. Rac1 Re8 19. Ba5 Qe7 20. Qxe7+ Kxe7 21. f4 Rb8 22. b3 Nb6 23. Rc7+ Kf6 24. Rxa7 Nc8 25. Ra6 Ne7 26. Rc1 Ng6 27. Rcc6 Rb5 28. Ra7 Re7 29. Rxe7 Nxe7 30. Bd8 Kg6 31. Bxe7 Rb8 32. a4 Rxb3 33. a5 Rxe3 34. a6 Re1+ 35. Kf2 Ra1 1-0

[Event "Petroupoli ASOP Dias Seniors op"]
[Site "Petroupoli"]
[Date "2014.03.22"]
[Round "1.23"]
[White "Kiousis, Stamatios"]
[Black "Kosmadakis, Georgios"]
[Result "0-1"]
[WhiteElo "1116"]
[BlackElo "1000"]
[PlyCount "66"]
[EventDate "2014.03.22"]
[EventType "swiss"]
[EventRounds "7"]
[EventCountry "GRE"]
[SourceTitle "EXT 2024"]
[Source "ChessBase"]
[SourceDate "2023.10.10"]
[SourceVersion "1"]
[SourceVersionDate "2023.10.10"]
[SourceQuality "1"]

1. e4 d5 2. exd5 Nf6 3. Bc4 Nxd5 4. Nc3 Nxc3 5. bxc3 e6 6. d4 b6 7. Bd3 Bb7 8. Nf3 Qf6 9. Bg5 Bxf3 10. gxf3 Qxg5 11. Be4 c6 12. c4 Nd7 13. Bxc6 Bb4+ 14. Kf1 Rc8 15. Bxd7+ Kxd7 16. Rb1 Rxc4 17. Qd3 Qb5 18. a3 a6 19. a4 Qd5 20. c3 Rxc3 21. Qe2 Qxd4 22. Rd1 Rc1 23. Rxc1 Ke7 24. Rc4 Qa1+ 25. Kg2 Qxa4 26. Rb1 a5 27. Rc7+ Kf6 28. Qb2+ e5 29. f4 Bd6 30. Rb7 Qe4+ 31. Kg3 Qxb1 32. fxe5+ Bxe5+ 33. Qxe5+ Kxe5 0-1